| 000 | 00409nam a2200157 a 4500 | ||
|---|---|---|---|
| 001 | 1269 | ||
| 003 | CDMR | ||
| 005 | 20131010113432.0 | ||
| 008 | 130130s1970||||||||||||||||||||||||||||d | ||
| 040 |
_aCDMR _bcat _cCDMR |
||
| 100 | 1 |
_aSolsona, Braulio _9989 |
|
| 245 | 1 | 0 |
_aEvocaciones periodísticas y políticas _cBraulio Solsona |
| 260 |
_aBarcelona _c1970 _bPòrtic |
||
| 300 |
_a274 p ; _c20 cm |
||
| 942 |
_cMON _2udc |
||
| 999 |
_c1269 _d1269 |
||